Países con palabras en español - Estadísticas

Estadísticas generales
  • Esta prueba ha sido intentada 39 veces
    17 desde el último reinicio
  • La puntuación promedio es 27 de 47
Estadísticas de respuestas
Nº de palabras en español País % Correcto
3 Antigua y Barbuda
88%
1 República Dominicana
88%
2 Estados Unidos
81%
(3+1 nombre de persona) San Cristóbal y Nieves
81%
(1+1 nombre de persona) Santa Lucía
81%
1 Nueva Zelanda
75%
1 República Checa
75%
3 República Democrática del Congo
75%
(3+1 nombre de persona) Santo Tomé y Príncipe
75%
2 Sudán del Sur
75%
2 Arabia Saudita
69%
2 Corea del Norte
69%
2 Corea del Sur
69%
1 Guinea Ecuatorial
69%
3 Macedonia del Norte
69%
(1+2 palabras unidas) República Centroafricana
69%
2 San Marino
69%
(4+1 nombre de persona) San Vicente y las Granadinas
69%
(2 palabras unidas) Sudáfrica
69%
(1+1 nombre de persona) Trinidad y Tobago
69%
2 Ciudad del Vaticano
63%
3 Emiratos Árabes Unidos
63%
3 Estados Federados de Micronesia
63%
2 Países Bajos
63%
2 Reino Unido
63%
2 República del Congo
63%
2 Cabo Verde
56%
3 Costa de Marfil
56%
2 Costa Rica
56%
1 Ecuador
56%
2 El Salvador
56%
2 Papúa Nueva Guinea
56%
2 Sierra Leona
56%
1 Barbados
50%
1 Bosnia y Herzegovina
50%
1 Granada
50%
(1+1 nombre de persona) Islas Marshall
50%
1 Islas Salomón
50%
(1 nombre de persona) Mauricio
44%
1 Timor Oriental
44%
1 Chile
38%
1 Honduras
31%
(2 palabras unidas) Montenegro
31%
1 Jamaica
19%
1 Malta
19%
1 Catar
6%
1 Irán
6%
No se encontraron pruebas coincidentes
Distribución de puntuación
Porcentaje de gente con cada puntuación
Porcentaje por número respondido
Historial de tus puntuaciones
No has intentado esta prueba desde el último reinicio